| 000 | 01078cab a2200217 4500 | ||
|---|---|---|---|
| 001 | ##L135472 | ||
| 008 | 061030n2006 000 0 eng u | ||
| 035 | _a(Sirsi) u135472 | ||
| 041 | 0 | _aeng | |
| 110 | 2 |
_aUK Trade and Investment _94699 |
|
| 245 | 0 | 0 | _aUK leads the way on green buildings in the USA |
| 260 | _c2006 | ||
| 490 | 0 |
_aGNN Press Release _v(139700P) 26 October 2006 |
|
| 520 | _aThe rapidly expanding green buildings market in the US will provide many opportunities for UK companies with their experience and expertise in using green building materials and creating sustainable buildings. It is estimated by 2010 between 5% and 10% of new non-residential construction starts in the US will be using green building principles, valued between $10.2bn and $20.5bn. | ||
| 590 | _aIKA311006 | ||
| 651 | 4 |
_aUnited Kingdom _y |
|
| 651 | 4 | _aUNITED STATES | |
| 690 | _aBUILT ENVIRONMENT-SUSTAINABLE CONSTRUCTION | ||
| 856 | 4 | 0 |
_uhttps://www.ciob.org.uk/news/uk-leads-way-green-buildings-usa _zView the item free of charge at the www.ciob.org.uk website. |
| 942 | _n0 | ||
| 999 |
_c77902 _d77902 |
||